| 000 | 00371nam a2200157Ia 4500 | ||
|---|---|---|---|
| 008 | 210210b1928 xxu||||| |||| 00| 0 eng d | ||
| 041 | _aeng | ||
| 082 | _a825/1185 | ||
| 100 | _aTROLLOPE (Anthony) | ||
| 245 | _aHugh Walpole | ||
| 260 |
_aLondon _bMacmillan & Co. Ltd. _c1928 |
||
| 650 | _aWalpole | ||
| 650 | _aHugh | ||
| 690 | _aEnglish Criticism | ||
| 906 | _a015499 | ||
| 999 |
_c134869 _d134869 |
||